<?xml version="1.0" encoding="UTF-8"?>
<record
    xmlns:xsi="http://www.w3.org/2001/XMLSchema-instance"
    xsi:schemaLocation="http://www.loc.gov/MARC21/slim http://www.loc.gov/standards/marcxml/schema/MARC21slim.xsd"
    xmlns="http://www.loc.gov/MARC21/slim">

  <leader>00652nam a22001817a 4500</leader>
  <controlfield tag="005">20230920162559.0</controlfield>
  <datafield tag="010" ind1=" " ind2=" ">
    <subfield code="a">ENG-135522</subfield>
  </datafield>
  <datafield tag="020" ind1=" " ind2=" ">
    <subfield code="c">120.00</subfield>
  </datafield>
  <datafield tag="035" ind1=" " ind2=" ">
    <subfield code="a">EN-119054</subfield>
  </datafield>
  <datafield tag="037" ind1=" " ind2=" ">
    <subfield code="b">DBAD/PUB</subfield>
  </datafield>
  <datafield tag="082" ind1=" " ind2=" ">
    <subfield code="a">181.432</subfield>
  </datafield>
  <datafield tag="100" ind1=" " ind2=" ">
    <subfield code="a">shukla, ramesh chandra</subfield>
    <subfield code="9">57163</subfield>
  </datafield>
  <datafield tag="245" ind1=" " ind2=" ">
    <subfield code="a">Yogasanas &amp; Pranayama :</subfield>
    <subfield code="b">Yoga Postures Asanas Dhyana &amp; Pranayama Techniques for a Disciplined Mind &amp; Healthy Body/</subfield>
    <subfield code="c">By Ramesh Chandra Shukla</subfield>
  </datafield>
  <datafield tag="260" ind1=" " ind2=" ">
    <subfield code="a">New Delhi</subfield>
    <subfield code="c">2013</subfield>
    <subfield code="b">V &amp; S</subfield>
  </datafield>
  <datafield tag="270" ind1=" " ind2=" ">
    <subfield code="a"> F-2/16, ansari road, daryaganj</subfield>
    <subfield code="e">110002</subfield>
    <subfield code="k">011-23240026</subfield>
    <subfield code="m">info@vspublishers.com</subfield>
  </datafield>
  <datafield tag="300" ind1=" " ind2=" ">
    <subfield code="a">120p.</subfield>
    <subfield code="c">22cm(pbk)</subfield>
    <subfield code="b">bibliography</subfield>
  </datafield>
  <datafield tag="942" ind1=" " ind2=" ">
    <subfield code="2">ddc</subfield>
    <subfield code="c">EN</subfield>
    <subfield code="m">SHU</subfield>
    <subfield code="h">181.432</subfield>
  </datafield>
  <datafield tag="999" ind1=" " ind2=" ">
    <subfield code="c">193348</subfield>
    <subfield code="d">193348</subfield>
  </datafield>
  <datafield tag="952" ind1=" " ind2=" ">
    <subfield code="0">0</subfield>
    <subfield code="1">0</subfield>
    <subfield code="4">0</subfield>
    <subfield code="7">1</subfield>
    <subfield code="8">NFIC</subfield>
    <subfield code="a">DBAD</subfield>
    <subfield code="b">DBAD</subfield>
    <subfield code="d">2022-10-25</subfield>
    <subfield code="e">DBAD/PUB</subfield>
    <subfield code="g">120.00</subfield>
    <subfield code="l">0</subfield>
    <subfield code="o">181.432 SHU</subfield>
    <subfield code="p">EN-119054</subfield>
    <subfield code="r">2022-10-25 00:00:00</subfield>
    <subfield code="t">1</subfield>
    <subfield code="v">120.00</subfield>
    <subfield code="w">2022-10-25</subfield>
    <subfield code="y">EN</subfield>
  </datafield>
</record>
